Sports teams - Which sport? 'D' - Statistics

General Stats
  • This quiz has been taken 9 times
  • The average score is 8 of 12
Answer Stats
Question Answer % Correct
Denver Broncos American Football
100%
Detroit Lions American Football
89%
D.C. United Association Football (Soccer)
89%
Detroit Tigers Baseball
78%
Dallas Mavericks Basketball
78%
Detroit Pistons Basketball
78%
Delhi Capitals Cricket
78%
Dundee F.C. Association Football (Soccer)
67%
Derby County Association Football (Soccer)
56%
Dragons (Newport, Wales, UK) Rugby Union
44%
Dundee Stars Ice Hockey
22%
Dolphins (Brisbane, Australia) Rugby League
11%
No matching quizzes found
Score Distribution
Percent of People with Each Score
Percentile by Number Answered
Your Score History
You have not taken this quiz